[Event "OLSW 2122 SK Landau - SK Gau-Algesheim"]
[Site "?"]
[Date "2021.10.24"]
[Round "1.2"]
[White "Leuranguer, Yannick"]
[Black "Pryvalov, Ivan"]
[Result "1/2-1/2"]
[WhiteElo "2240"]
[BlackElo "2100"]
[PlyCount "89"]
[EventDate "2021.??.??"]

1. e4 c5 2. c3 Nf6 3. e5 Nd5 4. d4 cxd4 5. cxd4 Nc6 6. Nf3 d6 7. Bc4 Nb6 8. Bb5
dxe5 9. Nxe5 Bd7 10. Nxd7 Qxd7 11. Nc3 e6 12. O-O a6 13. Bxc6 Qxc6 14. Be3 Nd5
15. Rc1 Bd6 16. Qg4 Kf8 17. Ne4 Qd7 18. Nc5 Bxc5 19. dxc5 Qc6 20. Bf4 f6 21.
Bd6+ Kf7 22. Qh5+ g6 23. Qh6 Rae8 24. g3 Ne7 25. Bxe7 Rxe7 26. Rfd1 Rd7 27. b4
e5 28. Qh4 Kg7 29. Rxd7+ Qxd7 30. Qc4 Rc8 31. Qc2 Rd8 32. a4 Qc6 33. Qb3 Rd4
34. b5 axb5 35. axb5 Qd5 36. Qxd5 Rxd5 37. b6 Kf7 38. c6 bxc6 39. Rxc6 Rb5 40.
Rc7+ Ke6 41. Rxh7 Rxb6 42. Rg7 g5 43. Kg2 Rb4 44. h3 Kf5 45. Ra7 1/2-1/2

[Event "OLSW 2122 SK Landau - SK Gau-Algesheim"]
[Site "?"]
[Date "2021.10.24"]
[Round "1.3"]
[White "Kling, Felix"]
[Black "Silber, Henning"]
[Result "1-0"]
[WhiteElo "2152"]
[BlackElo "2296"]
[PlyCount "61"]
[EventDate "2021.??.??"]

1. d4 d5 2. c4 e6 3. Nc3 c5 4. cxd5 exd5 5. Nf3 Nc6 6. dxc5 d4 7. Na4 Bxc5 8.
Nxc5 Qa5+ 9. Bd2 Qxc5 10. Rc1 Qb6 11. e3 dxe3 12. Bxe3 Qxb2 13. Bc4 Nge7 14.
Ng5 Ne5 15. Bb3 O-O 16. O-O Bg4 17. f3 Nf5 18. Bc5 Rfd8 19. Qc2 Qxc2 20. Bxc2
Rac8 21. fxg4 Rxc5 22. Bxf5 Rxc1 23. Rxc1 g6 24. Rc8 Rxc8 25. Bxc8 b5 26. Ba6
b4 27. h3 f6 28. Nf3 Nd7 29. Kf2 Kf7 30. Nd4 Ne5 31. Nc2 1-0

[Event "OLSW 2122 SK Landau - SK Gau-Algesheim"]
[Site "?"]
[Date "2021.10.24"]
[Round "1.4"]
[White "Bruch, Jochen"]
[Black "Bauer, Bjoern-Benny"]
[Result "1-0"]
[WhiteElo "2195"]
[BlackElo "2213"]
[PlyCount "81"]
[EventDate "2021.??.??"]

1. Nf3 c5 2. g3 d5 3. Bg2 Nf6 4. O-O Nc6 5. d3 g6 6. c4 Bg7 7. Bg5 O-O 8. Nc3
dxc4 9. dxc4 Nd4 10. Qd2 Nxf3+ 11. Bxf3 Qb6 12. Rfd1 Be6 13. Nd5 Bxd5 14. cxd5
Rfd8 15. e4 Qd6 16. Bf4 Qb6 17. Qe2 Nd7 18. e5 g5 19. Bxg5 Nxe5 20. Bxe7 Rd7
21. d6 Re8 22. Be4 Rdxe7 23. dxe7 Rxe7 24. Qc2 h6 25. Rd2 Bf6 26. Rad1 Kg7 27.
Kg2 Qb4 28. a3 Qb5 29. Rd5 b6 30. b4 Nc4 31. bxc5 Nxa3 32. Qd3 Qb4 33. cxb6
Qxe4+ 34. Qxe4 Rxe4 35. Ra5 axb6 36. Rxa3 b5 37. Ra7 b4 38. Rb7 Kg6 39. Rdd7 h5
40. Rxf7 b3 41. Rxf6+ 1-0

[Event "OLSW 2122 SK Landau - SK Gau-Algesheim"]
[Site "?"]
[Date "2021.10.24"]
[Round "1.5"]
[White "Frede, Lennart"]
[Black "Vogel, Johannes"]
[Result "1/2-1/2"]
[WhiteElo "2172"]
[BlackElo "2155"]
[PlyCount "132"]
[EventDate "2021.??.??"]

1. e4 e5 2. Nf3 Nc6 3. Nc3 Nf6 4. g3 Nxe4 5. Nxe4 d5 6. Nc3 d4 7. Bb5 dxc3 8.
O-O Bd6 9. d4 O-O 10. bxc3 exd4 11. cxd4 Bg4 12. c3 Qf6 13. Be2 Rfe8 14. Be3
Ne7 15. Nd2 Bxe2 16. Qxe2 Nd5 17. Qc4 c6 18. Rae1 Qf5 19. Kg2 Re6 20. Nf3 Rae8
21. Bd2 h6 22. Rxe6 Rxe6 23. Re1 Rf6 24. Qe2 b5 25. Qe8+ Bf8 26. Qe4 Qd7 27.
Qe8 Qf5 28. Qe4 Qd7 29. Ne5 Qd6 30. Qg4 Re6 31. Qf5 Nf6 32. Qf3 Qd5 33. Qxd5
cxd5 34. f3 Ra6 35. Ra1 Ba3 36. Rb1 Bd6 37. Rb2 Ra4 38. Nd3 a6 39. Bf4 Bf8 40.
Bb8 Rc4 41. Rb3 Nd7 42. Bf4 Nb6 43. Kf2 Ra4 44. Rb2 Ra3 45. Rc2 Na4 46. Bd2 a5
47. Nf4 Nb6 48. Bc1 Ra4 49. Rb2 g5 50. Nd3 b4 51. cxb4 Bxb4 52. Nxb4 Nc4 53.
Rc2 Rxb4 54. Ke2 f5 55. Kd3 Kf7 56. h4 Kf6 57. hxg5+ hxg5 58. Rh2 Rb1 59. Rh6+
Kg7 60. Bxg5 Rd1+ 61. Ke2 Ra1 62. Rf6 Rxa2+ 63. Kd3 Ra3+ 64. Ke2 Ra2+ 65. Kd3
Ra3+ 66. Ke2 Ra2+ 1/2-1/2

[Event "OLSW 2122 SK Landau - SK Gau-Algesheim"]
[Site "?"]
[Date "2021.10.24"]
[Round "1.6"]
[White "Lang, Matthias"]
[Black "Friedrich, Marius"]
[Result "0-1"]
[WhiteElo "2177"]
[BlackElo "2068"]
[PlyCount "60"]
[EventDate "2021.??.??"]

1. d4 d5 2. Nf3 Nf6 3. Bg5 Ne4 4. Bf4 c5 5. c3 Nc6 6. e3 Qb6 7. Qb3 c4 8. Qc2
h6 9. Nbd2 Bf5 10. Nxe4 Bxe4 11. Qc1 e6 12. Nd2 Bg6 13. Be2 Be7 14. O-O O-O 15.
Re1 Rfe8 16. e4 Bf6 17. Bf3 Rad8 18. exd5 exd5 19. Rxe8+ Rxe8 20. Bxd5 Nxd4 21.
cxd4 Bxd4 22. Nxc4 Qc5 23. Ne3 Bxe3 24. Bxe3 Qxd5 25. Bxa7 Re2 26. Qc8+ Kh7 27.
Qc3 Rc2 28. Qa3 Be4 29. Qb3 Qg5 30. f3 Qxg2# 0-1

[Event "OLSW 2122 SK Landau - SK Gau-Algesheim"]
[Site "?"]
[Date "2021.10.24"]
[Round "1.8"]
[White "Wolfer, Joshua"]
[Black "Meng, Gunter"]
[Result "1-0"]
[WhiteElo "1973"]
[BlackElo "1985"]
[PlyCount "101"]
[EventDate "2021.??.??"]

1. e4 d5 2. exd5 Nf6 3. Nc3 Nxd5 4. d4 Nxc3 5. bxc3 c6 6. Bd3 Qd5 7. f3 Bf5 8.
Ba3 Bxd3 9. cxd3 Nd7 10. Ne2 e6 11. Bxf8 Nxf8 12. c4 Qa5+ 13. Kf2 Ng6 14. Qb3
Rb8 15. g3 O-O 16. Qc3 Qc7 17. h4 Rfe8 18. h5 Nf8 19. h6 e5 20. Rh5 f6 21. hxg7
Qxg7 22. dxe5 Rxe5 23. Rxe5 fxe5 24. g4 Ne6 25. Ng3 Rf8 26. Nf5 Rxf5 27. gxf5
Nf4 28. Ke3 Qg5 29. Qc1 Nh3+ 30. Ke2 Qg2+ 31. Kd1 Nf2+ 32. Kc2 Ne4+ 33. Kb3
Qxf3 34. Qg1+ Kf7 35. Rd1 Nc5+ 36. Kc2 Na6 37. a3 e4 38. Qf1 Qe3 39. dxe4 Qxa3
40. Rb1 Nb4+ 41. Kd2 Qa2+ 42. Ke3 Qa3+ 43. Kf2 Qc3 44. Rd1 Qe5 45. Kf3 Qc3+ 46.
Kf4 Qf6 47. Qh3 h6 48. Qh5+ Ke7 49. e5 Qf8 50. f6+ Ke6 51. Rd6+ 1-0

[Event "OLSW 2122 SK Frankenthal - SF Heideshei"]
[Site "?"]
[Date "2021.11.14"]
[Round "2.1"]
[White "Perske, Thore"]
[Black "Syrov, Arkadi"]
[Result "1-0"]
[WhiteElo "2450"]
[BlackElo "2373"]
[PlyCount "113"]
[EventDate "2021.??.??"]

1. e4 e5 2. Nf3 Nc6 3. Bb5 a6 4. Ba4 Nf6 5. O-O Be7 6. d3 b5 7. Bb3 d6 8. a3
O-O 9. Nc3 Bg4 10. Be3 Nd4 11. Bxd4 exd4 12. Nd5 Nxd5 13. Bxd5 Rc8 14. h3 Bxf3
15. Qxf3 c6 16. Bb3 Bf6 17. a4 Qd7 18. Qg4 Rfd8 19. f4 d5 20. axb5 axb5 21.
Qxd7 Rxd7 22. exd5 c5 23. Ra6 c4 24. Rc6 Rxc6 25. dxc6 Rc7 26. dxc4 bxc4 27.
Bxc4 Rxc6 28. b3 Rc7 29. Kf2 Kf8 30. Ra1 Ke7 31. Ra8 Kd6 32. Rf8 Kc5 33. Rxf7
Rxf7 34. Bxf7 d3 35. cxd3 Kd4 36. Bc4 Be7 37. Kf3 Bb4 38. Bg8 h6 39. Bc4 Bd2
40. h4 Be1 41. h5 Bb4 42. Kg4 Ke3 43. Kf5 Bd6 44. g3 Kf3 45. g4 Ke3 46. Kg6
Bxf4 47. Kxg7 Kd4 48. b4 Bg5 49. Bf7 Kxd3 50. b5 Be3 51. b6 Bxb6 52. Kxh6 Ke4
53. Kg6 Kf4 54. Be6 Ke5 55. Bf5 Kd6 56. h6 Ke7 57. Kg7 1-0

[Event "OLSW 2122 SK Frankenthal - SF Heideshei"]
[Site "?"]
[Date "2021.11.14"]
[Round "2.2"]
[White "Fulea, Dan"]
[Black "Wilhelm, Till"]
[Result "0-1"]
[WhiteElo "2218"]
[BlackElo "2327"]
[PlyCount "116"]
[EventDate "2021.??.??"]

1. e4 e5 2. Nf3 Nc6 3. Bb5 Nf6 4. d3 d6 5. O-O Be7 6. c3 O-O 7. Re1 a6 8. Ba4
b5 9. Bc2 Re8 10. Nbd2 Bf8 11. Nf1 h6 12. d4 exd4 13. cxd4 Bg4 14. Ng3 Nh5 15.
Be3 Nxg3 16. fxg3 Bh5 17. Rc1 Na5 18. b3 c5 19. d5 Be7 20. Qd2 Bf6 21. Nh4 Nb7
22. Nf5 Bg6 23. Rf1 Bg5 24. Bf4 Bxf5 25. exf5 Bf6 26. g4 Bb2 27. Rcd1 Qf6 28.
g5 Qd4+ 29. Kh1 hxg5 30. Bxg5 f6 31. Bf4 Qxd2 32. Bxd2 Rac8 33. Rfe1 Re5 34.
Bf4 Rxe1+ 35. Rxe1 Be5 36. Be3 Bc3 37. Re2 Re8 38. Kg1 Be5 39. Kf2 Rc8 40. h4
Kf7 41. Kf3 c4 42. bxc4 Rxc4 43. Be4 Nc5 44. Bxc5 dxc5 45. Rc2 Rxc2 46. Bxc2 c4
47. g4 Ke7 48. g5 fxg5 49. hxg5 a5 50. Ke4 Kd6 51. Bd1 a4 52. Bc2 a3 53. Bb1 b4
54. f6 gxf6 55. gxf6 Bxf6 56. Ke3 b3 57. Ke2 c3 58. axb3 c2 0-1

[Event "OLSW 2122 SK Frankenthal - SF Heideshei"]
[Site "?"]
[Date "2021.11.14"]
[Round "2.3"]
[White "Hinrichs, Paul"]
[Black "Syska, Albert"]
[Result "1-0"]
[WhiteElo "2232"]
[BlackElo "2223"]
[PlyCount "53"]
[EventDate "2021.??.??"]

1. d4 e6 2. c4 f5 3. Nc3 Bb4 4. Nf3 Nf6 5. e3 b6 6. Bd3 Bb7 7. O-O O-O 8. Nd2
c6 9. e4 c5 10. d5 Bxc3 11. bxc3 d6 12. dxe6 fxe4 13. Re1 d5 14. cxd5 Bxd5 15.
c4 Bb7 16. Bc2 Qd4 17. Rb1 Qe5 18. Bb2 Qxe6 19. Bxf6 Qxf6 20. Nxe4 Qh4 21. Rb3
Nc6 22. Qd5+ Kh8 23. Rh3 Qf4 24. Rf3 Qh4 25. Nd6 Nd4 26. Rxf8+ Rxf8 27. Nf7+
1-0

[Event "OLSW 2122 SK Frankenthal - SF Heideshei"]
[Site "?"]
[Date "2021.11.14"]
[Round "2.4"]
[White "Geyer, Bernhard"]
[Black "Lantzsch, Christian"]
[Result "0-1"]
[WhiteElo "2157"]
[BlackElo "2195"]
[PlyCount "72"]
[EventDate "2021.??.??"]

1. e4 c5 2. Nc3 e6 3. g3 Nc6 4. Bg2 Nge7 5. Nge2 Nd4 6. O-O g6 7. Nxd4 cxd4 8.
Ne2 Bg7 9. c3 Nc6 10. d3 O-O 11. c4 Rb8 12. b3 b5 13. f4 bxc4 14. bxc4 Qa5 15.
a4 Rd8 16. Bd2 Qc5 17. a5 Ba6 18. Kh1 d5 19. cxd5 exd5 20. Rc1 Qb5 21. exd5 Ne7
22. Rc4 Rxd5 23. Rb4 Qe8 24. Re1 Rdd8 25. Qb3 Rbc8 26. Ng1 Qd7 27. Qb1 Nd5 28.
Rb3 Nc3 29. Qb2 Na4 30. Qb1 Nc5 31. Ra3 Rb8 32. Qc2 Rdc8 33. Qa2 Nxd3 34. Rf1
Rb2 35. Qd5 Qxd5 36. Bxd5 Rxd2 0-1

[Event "OLSW 2122 SK Frankenthal - SF Heideshei"]
[Site "?"]
[Date "2021.11.14"]
[Round "2.5"]
[White "Enzmann, Steffen"]
[Black "Huseynov, Ahad"]
[Result "1-0"]
[WhiteElo "2157"]
[BlackElo "2104"]
[PlyCount "89"]
[EventDate "2021.??.??"]

1. Nf3 Nf6 2. g3 c5 3. Bg2 g6 4. O-O Bg7 5. d3 O-O 6. c3 d6 7. Nbd2 Nbd7 8. Re1
Rb8 9. a4 b6 10. Nf1 a6 11. e4 Bb7 12. Nh4 b5 13. axb5 axb5 14. f4 e6 15. h3
Qc7 16. g4 Ra8 17. Rb1 Ne8 18. Nf3 c4 19. d4 e5 20. f5 exd4 21. cxd4 b4 22. g5
f6 23. Nh4 fxg5 24. Bxg5 Qb6 25. Be3 g5 26. f6 Nexf6 27. Bxg5 Rae8 28. Ng3 Ne5
29. Nhf5 Ng6 30. Kh2 Qc7 31. Qa4 d5 32. e5 Ne4 33. Bxe4 dxe4 34. Qxb4 Rxf5 35.
Nxf5 Bxe5+ 36. dxe5 Rxe5 37. Qd6 Qxd6 38. Nxd6 Bd5 39. Rg1 e3 40. Rbe1 e2 41.
Rg4 h5 42. Rg3 Kh7 43. Bd2 Nh4 44. Bc3 Re7 45. Bf6 1-0

[Event "OLSW 2122 SK Frankenthal - SF Heideshei"]
[Site "?"]
[Date "2021.11.14"]
[Round "2.6"]
[White "Halabi, Ibrahim"]
[Black "Foerster, Erik"]
[Result "0-1"]
[WhiteElo "2019"]
[BlackElo "2072"]
[PlyCount "66"]
[EventDate "2021.??.??"]

1. e4 e6 2. d4 d5 3. e5 c5 4. c3 Nc6 5. Nf3 Bd7 6. Be2 f6 7. O-O fxe5 8. dxe5
Qc7 9. Re1 O-O-O 10. Bd3 Be7 11. a4 Rf8 12. Na3 a6 13. Nc2 h5 14. Rb1 g5 15.
Nxg5 Nxe5 16. Bf1 Ng4 17. g3 Rxf2 18. Nxe6 Bxe6 19. Rxe6 Rxh2 20. Bf4 Qd7 21.
Re2 Rxe2 22. Bxe2 N8f6 23. Ne3 Nxe3 24. Bxe3 Qh3 25. Bf2 h4 26. Bf1 Qf5 27. Bd3
Ne4 28. Qe2 hxg3 29. Bxg3 Rg8 30. Bxe4 Rxg3+ 31. Bg2 Qxb1+ 32. Kh2 Qg6 33. Bxd5
Bd6 0-1

[Event "OLSW 2122 SK Frankenthal - SF Heideshei"]
[Site "?"]
[Date "2021.11.14"]
[Round "2.7"]
[White "Winkler, Nils"]
[Black "Louis, Volker"]
[Result "1-0"]
[WhiteElo "1819"]
[BlackElo "2083"]
[PlyCount "127"]
[EventDate "2021.??.??"]

1. e4 d6 2. Nf3 Nf6 3. d3 g6 4. g3 Bg7 5. Bg2 O-O 6. O-O c5 7. h3 Nc6 8. Nc3 a6
9. a4 Bd7 10. Be3 Qb6 11. Qd2 Nd4 12. Kh2 Rac8 13. Rab1 Qb4 14. b3 Rfd8 15.
Rfd1 Bg4 16. Bxd4 cxd4 17. Nd5 Nxd5 18. exd5 Qxd2 19. Rxd2 Bd7 20. Re2 Kf8 21.
g4 h6 22. Rf1 Rc5 23. Ne1 g5 24. Be4 Be5+ 25. Kg2 b5 26. axb5 axb5 27. f3 Ra8
28. Rh1 Bc8 29. h4 Bb7 30. hxg5 hxg5 31. Rh5 Bf6 32. f4 gxf4 33. Rf2 Be5 34.
Nf3 Bg7 35. Ng5 Be5 36. Nf3 Bf6 37. g5 Bg7 38. g6 Ra2 39. gxf7 Rcxc2 40. Rxc2
Rxc2+ 41. Kf1 Bf6 42. Bg6 Rc8 43. Rf5 Kg7 44. Bh5 Rh8 45. Ng5 Bxg5 46. Rxg5+
Kf8 47. b4 Bxd5 48. Rxd5 e5 49. Bg6 Ke7 50. Rxb5 Kf6 51. Be4 Kxf7 52. Bd5+ Kf6
53. Rb7 Rh3 54. Bc4 d5 55. Bxd5 Rxd3 56. b5 Re3 57. Ra7 d3 58. Ra2 e4 59. b6
Rf3+ 60. Kg2 Rg3+ 61. Kh2 e3 62. b7 e2 63. b8=Q e1=Q 64. Qxf4+ 1-0

[Event "OLSW 2122 SK Frankenthal - SF Heideshei"]
[Site "?"]
[Date "2021.11.14"]
[Round "2.8"]
[White "Prestel, Oliver"]
[Black "Vogt, Dustin"]
[Result "0-1"]
[WhiteElo "2080"]
[BlackElo "1829"]
[PlyCount "100"]
[EventDate "2021.??.??"]

1. d4 Nf6 2. c4 g6 3. Nc3 Bg7 4. e4 d6 5. Be2 O-O 6. Nf3 e5 7. Be3 Nc6 8. d5
Ne7 9. Nd2 Ne8 10. O-O f5 11. f3 f4 12. Bf2 g5 13. c5 h5 14. cxd6 cxd6 15. Nb5
a6 16. Na7 Bd7 17. Qb3 Qb8 18. Qb6 Rf7 19. Nc4 Bf8 20. Na5 Ng6 21. Rac1 Nf6 22.
Rc7 Rxa7 23. Rxd7 Rxd7 24. Qxa7 Qc7 25. Qb6 g4 26. Nc4 g3 27. hxg3 fxg3 28.
Bxg3 h4 29. Qxc7 Rxc7 30. Bh2 Nh5 31. Kf2 Ngf4 32. Bxf4 exf4 33. Rd1 b5 34. Na3
Ng3 35. b3 Bg7 36. Rd2 Bc3 37. Rc2 Bd4+ 38. Ke1 Bc5 39. Kd1 Nxe2 40. Kxe2 Rg7
41. b4 Rxg2+ 42. Kf1 Rg1+ 43. Ke2 Bxb4 44. Rc8+ Kg7 45. Nc2 h3 46. Nd4 h2 47.
Nf5+ Kh7 48. Rc7+ Kh8 49. Rc8+ Rg8 50. Rc1 Rg2+ 0-1

[Event "OLSW 2122 SC GEMA St. Ingbert - SK Gau-"]
[Site "?"]
[Date "2021.11.14"]
[Round "2.1"]
[White "Ovsejevitsch, Sergei"]
[Black "Aditya, Pai"]
[Result "1-0"]
[WhiteElo "2560"]
[BlackElo "1577"]
[PlyCount "67"]
[EventDate "2021.??.??"]

1. d4 Nf6 2. c4 g6 3. Nc3 d5 4. e3 Bg7 5. Nf3 O-O 6. b4 a5 7. b5 c6 8. Ba3 Qc7
9. Rc1 cxb5 10. Nxb5 Qd8 11. Be2 Nc6 12. O-O Bf5 13. Nd2 Qd7 14. cxd5 Nb4 15.
Qb3 Qxd5 16. Bc4 Qd7 17. Bxb4 axb4 18. Qxb4 Ne4 19. f3 Nxd2 20. Qxd2 Qd8 21.
Bb3 Bd7 22. Nc3 e6 23. Rfd1 Qb6 24. Ne4 Bc6 25. Nc5 Rfd8 26. Qf2 Ra5 27. f4 Qa7
28. h3 Bd5 29. Qh4 Ra8 30. Nd7 Bc6 31. Ne5 Be4 32. Rc7 Rf8 33. Nd7 Rd8 34.
Qxd8+ 1-0

[Event "OLSW 2122 SC GEMA St. Ingbert - SK Gau-"]
[Site "?"]
[Date "2021.11.14"]
[Round "2.2"]
[White "Zengerle, Tobias"]
[Black "Pryvalov, Ivan"]
[Result "0-1"]
[WhiteElo "1962"]
[BlackElo "2104"]
[PlyCount "104"]
[EventDate "2021.??.??"]

1. e4 e5 2. Nf3 Nf6 3. Nxe5 d6 4. Nf3 Nxe4 5. d4 d5 6. Bd3 Bf5 7. O-O Be7 8. c4
dxc4 9. Bxc4 O-O 10. Nc3 Nd7 11. Re1 Nd6 12. Bd3 Nf6 13. Bf4 Bxd3 14. Qxd3 Re8
15. Bg5 h6 16. Bh4 Nh5 17. Rxe7 Rxe7 18. Nd5 g5 19. Nxe7+ Qxe7 20. Re1 Qf6 21.
Bg3 Nxg3 22. hxg3 Rd8 23. Qa3 a6 24. Qc5 Rd7 25. Ne5 Re7 26. Re3 Qf5 27. Kh2
Kg7 28. Rf3 Qe6 29. b3 Ne4 30. Qc2 Nf6 31. Re3 Qd5 32. Qc4 Qxc4 33. bxc4 Rxe5
34. Rxe5 Ng4+ 35. Kg1 Nxe5 36. dxe5 h5 37. f3 Kg6 38. g4 hxg4 39. fxg4 f5 40.
exf6 Kxf6 41. Kf2 b5 42. Ke3 Ke5 43. Kd3 c5 44. a3 bxc4+ 45. Kxc4 Kd6 46. Kc3
Kd5 47. Kd3 c4+ 48. Kc3 Kc5 49. Kc2 Kd4 50. Kd2 c3+ 51. Kc2 Kc4 52. a4 a5 0-1

[Event "OLSW 2122 SC GEMA St. Ingbert - SK Gau-"]
[Site "?"]
[Date "2021.11.14"]
[Round "2.3"]
[White "Kling, Felix"]
[Black "Joeres, Roman"]
[Result "1-0"]
[WhiteElo "2166"]
[BlackElo "1849"]
[PlyCount "63"]
[EventDate "2021.??.??"]

1. d4 Nf6 2. Nf3 g6 3. c4 Bg7 4. Nc3 d5 5. Bg5 c6 6. cxd5 cxd5 7. e3 O-O 8. Bd3
b6 9. O-O Bb7 10. b4 Nbd7 11. h3 Re8 12. Bf4 Rc8 13. Qb3 a6 14. Rac1 e6 15. Rc2
Qe7 16. Rfc1 b5 17. a4 bxa4 18. Nxa4 Rxc2 19. Rxc2 Rc8 20. Nc5 Nb6 21. Bxa6
Bxa6 22. Nxa6 Ne8 23. Rxc8 Nxc8 24. b5 Qb7 25. Nc5 Qb6 26. Qa4 Nc7 27. Bxc7
Qxc7 28. Qa8 Bf8 29. Ne5 Kg7 30. Ned3 Na7 31. b6 Qxb6 32. Qxf8+ 1-0

[Event "OLSW 2122 SC GEMA St. Ingbert - SK Gau-"]
[Site "?"]
[Date "2021.11.14"]
[Round "2.4"]
[White "Friedrich, Elias"]
[Black "Frede, Lennart"]
[Result "0-1"]
[WhiteElo "1776"]
[BlackElo "2172"]
[PlyCount "102"]
[EventDate "2021.??.??"]

1. d4 Nf6 2. c4 g6 3. Nc3 Bg7 4. e4 d6 5. Nf3 O-O 6. Be2 e5 7. d5 Nbd7 8. b4 a5
9. Ba3 axb4 10. Bxb4 Nc5 11. Bxc5 dxc5 12. O-O Ne8 13. Nd2 Nd6 14. a4 f5 15.
Qc2 Bh6 16. Nb3 b6 17. a5 fxe4 18. axb6 Rxa1 19. Rxa1 e3 20. f3 cxb6 21. Ne4
Nxe4 22. Qxe4 Bf5 23. Qxe5 Bg7 24. Qxe3 Bxa1 25. Nxa1 Re8 26. Qd2 Qe7 27. Kf2
Qh4+ 28. Kf1 Qxh2 29. Nc2 Qh1+ 30. Kf2 Qh4+ 31. Kf1 Bxc2 32. Qxc2 Ra8 33. Bd1
Ra1 34. Qe2 Kf8 35. d6 Rxd1+ 36. Qxd1 Qh1+ 37. Ke2 Qxd1+ 38. Kxd1 Ke8 39. Kd2
Kd7 40. Kd3 Kxd6 41. Ke4 Ke6 42. f4 h5 43. g3 Kd6 44. Kf3 b5 45. cxb5 c4 46. b6
Kc6 47. b7 Kxb7 48. g4 hxg4+ 49. Kxg4 c3 50. Kg5 c2 51. Kxg6 c1=Q 0-1

[Event "OLSW 2122 SC GEMA St. Ingbert - SK Gau-"]
[Site "?"]
[Date "2021.11.14"]
[Round "2.5"]
[White "Friedrich, Marius"]
[Black "Hoefer, Michael"]
[Result "1-0"]
[WhiteElo "2081"]
[BlackElo "1528"]
[PlyCount "67"]
[EventDate "2021.??.??"]

1. e4 c5 2. Nf3 e6 3. d4 cxd4 4. Nxd4 a6 5. Nc3 Qc7 6. g3 Nf6 7. Bg2 Bb4 8.
Nde2 d5 9. a3 Ba5 10. b4 d4 11. Qxd4 Bb6 12. Bf4 Qc6 13. Qd6 Qxd6 14. Bxd6 Nc6
15. h3 e5 16. Nd5 Nxd5 17. exd5 Nd4 18. Rc1 f6 19. Nxd4 Bxd4 20. c3 Ba7 21. c4
Kd7 22. c5 b5 23. Kd2 Bb8 24. Bxb8 Rxb8 25. f4 exf4 26. gxf4 Ke7 27. Rhe1+ Kf7
28. d6 Be6 29. Rc3 Rhd8 30. Rce3 Bc8 31. Re7+ Kg6 32. Be4+ f5 33. Bc6 Kf6 34.
h4 1-0

[Event "OLSW 2122 SC GEMA St. Ingbert - SK Gau-"]
[Site "?"]
[Date "2021.11.14"]
[Round "2.7"]
[White "Meng, Gunter"]
[Black "Unbehend, Marius"]
[Result "1-0"]
[WhiteElo "1975"]
[BlackElo "1604"]
[PlyCount "157"]
[EventDate "2021.??.??"]

1. d4 e6 2. Nf3 d5 3. Bf4 Nf6 4. e3 c5 5. c3 Nc6 6. Nbd2 Bd6 7. Bg5 h6 8. Bh4
O-O 9. Bd3 Be7 10. Bxf6 Bxf6 11. dxc5 a5 12. a4 Qe7 13. Nb3 Rd8 14. Qc2 e5 15.
e4 Be6 16. O-O Rab8 17. exd5 Bxd5 18. Be4 Bxb3 19. Qxb3 Qxc5 20. Qb5 Qd6 21.
Qb3 Qc7 22. Rfd1 Rxd1+ 23. Rxd1 Rd8 24. Rxd8+ Nxd8 25. g3 b6 26. Qb5 g6 27. Qd5
Kg7 28. Nd2 Be7 29. g4 Ne6 30. Nc4 Bf6 31. Nd6 Qd8 32. Nc4 Qxd5 33. Bxd5 Bd8
34. Bxe6 fxe6 35. Nxe5 Kf6 36. Nf3 e5 37. Nd2 Ke6 38. f3 Kd5 39. b3 Bg5 40. Ne4
Be7 41. Kf2 Bh4+ 42. Ke3 Be7 43. Kd3 Bf8 44. c4+ Ke6 45. Nc3 Bc5 46. Ke4 Bd4
47. Nb5 Bc5 48. f4 exf4 49. Kxf4 g5+ 50. Ke4 Bg1 51. h3 Bh2 52. Nd4+ Kf6 53.
Kd5 Bg1 54. Nf5 Kg6 55. Ne7+ Kf6 56. Nc8 Bf2 57. Nd6 Bg1 58. Ne4+ Kg6 59. c5
bxc5 60. Nxc5 h5 61. Nb7 hxg4 62. hxg4 Bb6 63. Kc6 Bd4 64. Nxa5 Kf6 65. Kd5 Bc3
66. Nc6 Be1 67. a5 Bf2 68. a6 Kg6 69. a7 Bxa7 70. Nxa7 Kh6 71. b4 Kg7 72. b5
Kh6 73. b6 Kg6 74. b7 Kh6 75. b8=Q Kg7 76. Ke6 Kh6 77. Kf6 Kh7 78. Qc7+ Kh8 79.
Qg7# 1-0

[Event "OLSW 2122 SC GEMA St. Ingbert - SK Gau-"]
[Site "?"]
[Date "2021.11.14"]
[Round "2.8"]
[White "Mueller, Maximilian"]
[Black "Hipler, Andreas"]
[Result "1/2-1/2"]
[WhiteElo "1725"]
[BlackElo "1805"]
[PlyCount "104"]
[EventDate "2021.??.??"]

1. e4 d5 2. exd5 Qxd5 3. Nc3 Qd6 4. d4 Nf6 5. Nf3 Bg4 6. Be3 c6 7. Be2 e6 8.
Qd2 Qc7 9. h3 Bxf3 10. Bxf3 Be7 11. O-O-O Nbd7 12. Rde1 Nb6 13. g4 Nc4 14. Qd3
Nxe3 15. fxe3 O-O-O 16. e4 Nd7 17. Qe3 Bh4 18. Rd1 h6 19. Kb1 Kb8 20. Ne2 Nb6
21. b3 Rd7 22. c4 Rhd8 23. Nc3 Bg5 24. Qf2 Be7 25. c5 Nc8 26. b4 b5 27. Bg2 Rf8
28. Qe3 Bg5 29. Qf2 Qf4 30. Qxf4+ Bxf4 31. Rhf1 g5 32. d5 Be5 33. Kc2 Bxc3 34.
Kxc3 exd5 35. exd5 cxd5 36. Rxd5 Rxd5 37. Bxd5 f6 38. Re1 f5 39. gxf5 Rxf5 40.
Kd4 Kc7 41. Re8 Rf4+ 42. Re4 Rf1 43. Re6 Rf4+ 44. Be4 Rh4 45. Rc6+ Kd7 46. Rg6
Ne7 47. c6+ Nxc6+ 48. Rxc6 Rxe4+ 49. Kxe4 Kxc6 50. Kf5 Kd5 51. Kg6 Ke6 52. Kxh6
Kf6 1/2-1/2

[Event "OLSW 2122 Turm Illingen - SVG Saarbrüc"]
[Site "?"]
[Date "2021.11.14"]
[Round "2.1"]
[White "Philippe, Christophe"]
[Black "Mayer, Frank"]
[Result "1-0"]
[WhiteElo "2374"]
[BlackElo "2294"]
[PlyCount "109"]
[EventDate "2021.??.??"]

1. d4 d5 2. Nf3 Nf6 3. Bg5 Ne4 4. Bh4 Qd6 5. e3 Bg4 6. Nbd2 Qh6 7. h3 Bxf3 8.
Nxf3 g5 9. Bg3 Nxg3 10. fxg3 g4 11. Ne5 Qxe3+ 12. Qe2 Qxg3+ 13. Kd1 c6 14. hxg4
Bg7 15. Rh5 e6 16. a4 Qf4 17. c3 Bxe5 18. Rxe5 Rg8 19. Kc2 Qxg4 20. Qe1 Nd7 21.
Re3 Nf6 22. Bd3 O-O-O 23. a5 Nh5 24. a6 b6 25. g3 Nxg3 26. Bxh7 Rg7 27. Bd3 Nf5
28. Re2 Rh8 29. Qd2 Qg5 30. Qe1 Rh3 31. Bxf5 Qxf5+ 32. Kb3 Kd7 33. Rd1 Rd3 34.
Rh2 Rxd1 35. Qxd1 Kc7 36. Rh8 f6 37. Ra8 Kd6 38. Qa1 Qd3 39. Qa3+ c5 40. dxc5+
bxc5 41. Rd8+ Rd7 42. Qa5 Qc4+ 43. Ka3 d4 44. Rc8 dxc3 45. bxc3 e5 46. Kb2 Ke6
47. Rc6+ Kf5 48. Qxc5 Rd2+ 49. Kc1 Qe2 50. Rxf6+ Kg5 51. Rf5+ Kg4 52. Rg5+ Kh4
53. Qb4+ e4 54. Rg1 Kh3 55. Qb8 1-0

[Event "OLSW 2122 Turm Illingen - SVG Saarbrüc"]
[Site "?"]
[Date "2021.11.14"]
[Round "2.2"]
[White "Klein, Joachim"]
[Black "Mohammad, Samir"]
[Result "0-1"]
[WhiteElo "2175"]
[BlackElo "2301"]
[PlyCount "68"]
[EventDate "2021.??.??"]

1. e4 c5 2. Nf3 Nc6 3. Bb5 Nf6 4. e5 Nd5 5. Nc3 Nc7 6. Bxc6 dxc6 7. h3 g6 8.
O-O Bg7 9. Re1 O-O 10. d3 h6 11. Ne4 b6 12. a3 Be6 13. b4 c4 14. d4 Bd5 15. Bf4
Ne6 16. Bg3 Bxe4 17. Rxe4 Qd5 18. Qe2 a5 19. Re1 axb4 20. axb4 Ra2 21. Qd1 Rfa8
22. c3 Qxe4 23. Rxe4 Ra1 24. Re1 Rxd1 25. Rxd1 Nc7 26. Bf4 Nd5 27. Bd2 Ra2 28.
g3 Rc2 29. Ra1 Nxc3 30. Bxc3 Rxc3 31. Nd2 Bf8 32. Ra6 Rc1+ 33. Nf1 c3 34. Rxb6
c5 0-1

[Event "OLSW 2122 Turm Illingen - SVG Saarbrüc"]
[Site "?"]
[Date "2021.11.14"]
[Round "2.3"]
[White "Bastian, Herbert"]
[Black "Kuhn, Patrick"]
[Result "1/2-1/2"]
[WhiteElo "2257"]
[BlackElo "2081"]
[PlyCount "76"]
[EventDate "2021.??.??"]

1. e4 c5 2. Nc3 Nc6 3. g3 g6 4. Bg2 Bg7 5. d3 Rb8 6. f4 e6 7. Nf3 Nge7 8. O-O
O-O 9. Rb1 b5 10. a3 d6 11. Bd2 Qc7 12. Ne2 a5 13. Be3 b4 14. a4 Bd7 15. b3
Rbc8 16. g4 f5 17. gxf5 exf5 18. Qe1 c4 19. Qf2 fxe4 20. dxe4 Rce8 21. Nfd4
Nxd4 22. Nxd4 Kh8 23. Rbd1 Ng8 24. Nb5 Bxb5 25. axb5 Nf6 26. Bb6 Qb8 27. Bxa5
Qxb5 28. Bc7 Nxe4 29. Bxe4 Rxe4 30. Bxd6 Rfe8 31. Qc5 Qd7 32. f5 gxf5 33. bxc4
f4 34. Bxf4 Qg4+ 35. Bg3 Rxc4 36. Qd5 Rxc2 37. Rf4 Qc8 38. Rxb4 Rc1 1/2-1/2